Rafaėlʹ i ego vremi︠a︡ /

Bibliographic Details
Corporate Author: Akademii︠a︡ nauk SSSR. Komissii︠a︡ po izuchenii︠u︡ kulʹtury Vozrozhdenii︠a︡
Other Authors: Chikolini, L. S. (Li͡udmila Sergeevna)
Format: Book
Language:Russian
Published: Moskva : Nauka, 1986.
Subjects:

MARC

Tag First Indicator Second Indicator Subfields
LEADER 00000cam a2200000 a 4500
001 in00002010292
005 20151031124106.0
008 860905s1986 ru a b 000 0 ruso
010 |a  86201641  
020 |c 2.30rub 
035 |a (OCoLC)ocm15224063 
040 |a DLC  |c DLC  |d UtOrBLW 
041 0 |a rus  |b eng 
049 |a TXAM 
050 0 0 |a N6923.R3  |b R33 1986 
245 0 0 |a Rafaėlʹ i ego vremi︠a︡ /  |c otvetstvennyĭ redaktor L.S. Chikolini. 
264 1 |a Moskva :  |b Nauka,  |c 1986. 
300 |a 253 pages :  |b illustrations ;  |c 23 cm. 
336 |a text  |b txt  |2 rdacontent 
337 |a unmediated  |b n  |2 rdamedia 
338 |a volume  |b nc  |2 rdacarrier 
500 |a On leaf preceding title page: Akademii︠a︡ nauk SSSR. Nauchnyĭ sovet po istorii mirovoĭ kulʹtury. Komissii︠a︡ po izuchenii︠u︡ kulʹtury Vozrozhdenii︠a︡. 
500 |a Summary in English. 
504 |a Includes bibliographical references. 
600 0 0 |a Raphael,  |d 1483-1520  |x Criticism and interpretation. 
700 1 |a Chikolini, L. S.  |q (Li͡udmila Sergeevna) 
710 2 |a Akademii︠a︡ nauk SSSR.  |b Komissii︠a︡ po izuchenii︠u︡ kulʹtury Vozrozhdenii︠a︡. 
948 |a cataloged  |b h  |c 2004/10/19  |d c  |e tchubaryan  |f 2:51:16 pm 
994 |a E0  |b TXA 
999 |a MARS 
999 f f |s cb6a5a61-76c9-3b7e-8de7-65d105759838  |i 020b17b3-c42d-31eb-97ab-66a411bedf9a  |t 0 
952 f f |p normal  |a Texas A&M University  |b College Station  |c Sterling C. Evans Library  |d Evans: Library Stacks  |t 0  |e N6923.R3 R33 1986  |h Library of Congress classification  |i unmediated -- volume  |m A14831378598 
998 f f |a N6923.R3 R33 1986  |t 0  |l Evans: Library Stacks